000
00214nam a22000977a 4500
003
OSt
008
210119b ||||| |||| 00| 0 eng d
100
_a
Menon, K. P. S
_9
4802
245
_a
The flying troika
942
_c
BK
999
_c
16747
_d
16747